<?xml version="1.0" encoding="UTF-8"?>
<record
    xmlns:xsi="http://www.w3.org/2001/XMLSchema-instance"
    xsi:schemaLocation="http://www.loc.gov/MARC21/slim http://www.loc.gov/standards/marcxml/schema/MARC21slim.xsd"
    xmlns="http://www.loc.gov/MARC21/slim">

  <leader>01617nam a2200409 a 4500</leader>
  <datafield tag="999" ind1=" " ind2=" ">
    <subfield code="c">22654</subfield>
    <subfield code="d">22654</subfield>
  </datafield>
  <controlfield tag="001">C00605692</controlfield>
  <controlfield tag="003">OSt</controlfield>
  <controlfield tag="005">20221212120652.0</controlfield>
  <controlfield tag="007">ta</controlfield>
  <controlfield tag="008">220324s2021    pe a   gr     000 0 spa</controlfield>
  <datafield tag="017" ind1=" " ind2=" ">
    <subfield code="a">2021-06601</subfield>
  </datafield>
  <datafield tag="020" ind1=" " ind2=" ">
    <subfield code="a">9786124842269</subfield>
  </datafield>
  <datafield tag="040" ind1=" " ind2=" ">
    <subfield code="a">pelibn </subfield>
    <subfield code="b">spa </subfield>
    <subfield code="e">rda </subfield>
    <subfield code="c">pelibn</subfield>
  </datafield>
  <datafield tag="082" ind1="1" ind2="4">
    <subfield code="a">985.019</subfield>
  </datafield>
  <datafield tag="100" ind1="1" ind2=" ">
    <subfield code="a">Zavala, Enrique,</subfield>
    <subfield code="d">1971-,</subfield>
    <subfield code="e">autor.</subfield>
    <subfield code="9">48788</subfield>
  </datafield>
  <datafield tag="245" ind1="1" ind2="3">
    <subfield code="a">La ni&#xF1;a de los 500 a&#xF1;os :</subfield>
    <subfield code="b">reportaje a Juanita y a su otro descubridor /</subfield>
    <subfield code="c">Enrique Zavala.</subfield>
  </datafield>
  <datafield tag="250" ind1=" " ind2=" ">
    <subfield code="a">Primera edici&#xF3;n.</subfield>
  </datafield>
  <datafield tag="264" ind1="3" ind2="1">
    <subfield code="a">Lima :</subfield>
    <subfield code="b">EY,</subfield>
    <subfield code="c">2021.</subfield>
  </datafield>
  <datafield tag="264" ind1="3" ind2="3">
    <subfield code="a">Lima :</subfield>
    <subfield code="b">Cadillo Comunicaci&#xF3;n Gr&#xE1;fica.</subfield>
  </datafield>
  <datafield tag="300" ind1=" " ind2=" ">
    <subfield code="a">238 p&#xE1;ginas : </subfield>
    <subfield code="b">ilustraciones en color ;</subfield>
    <subfield code="c">24 cm.</subfield>
  </datafield>
  <datafield tag="336" ind1=" " ind2=" ">
    <subfield code="a">Texto</subfield>
    <subfield code="2">rdacontent</subfield>
  </datafield>
  <datafield tag="337" ind1=" " ind2=" ">
    <subfield code="a">sin mediaci&#xF3;n</subfield>
    <subfield code="2">rdamedia</subfield>
  </datafield>
  <datafield tag="338" ind1=" " ind2=" ">
    <subfield code="a">volumen</subfield>
    <subfield code="2">rdacarrier</subfield>
  </datafield>
  <datafield tag="500" ind1=" " ind2=" ">
    <subfield code="a">"Edici&#xF3;n de Conmemoraci&#xF3;n del Bicentenario de la Independencia del Per&#xFA;"</subfield>
  </datafield>
  <datafield tag="650" ind1="1" ind2="8">
    <subfield code="a">Momias</subfield>
    <subfield code="z">-Per&#xFA;.</subfield>
    <subfield code="9">48789</subfield>
  </datafield>
  <datafield tag="650" ind1="2" ind2="8">
    <subfield code="a">Momias</subfield>
    <subfield code="x">-Conservaci&#xF3;n y restauraci&#xF3;n</subfield>
    <subfield code="z">-Per&#xFA;.</subfield>
    <subfield code="9">48790</subfield>
  </datafield>
  <datafield tag="650" ind1="2" ind2="8">
    <subfield code="a">Incas</subfield>
    <subfield code="x">-Costumbres y ritos f&#xFA;nebres.</subfield>
    <subfield code="9">48791</subfield>
  </datafield>
  <datafield tag="650" ind1="2" ind2="8">
    <subfield code="a">Excavaciones (Arqueolog&#xED;a)</subfield>
    <subfield code="z">-Per&#xFA;</subfield>
    <subfield code="z">-Arequipa.</subfield>
    <subfield code="9">48792</subfield>
  </datafield>
  <datafield tag="650" ind1="2" ind2="8">
    <subfield code="a">Sacrificio humano</subfield>
    <subfield code="z">-Per&#xFA;</subfield>
    <subfield code="y">-&#xC9;poca Prehisp&#xE1;nica.</subfield>
    <subfield code="9">48793</subfield>
  </datafield>
  <datafield tag="650" ind1="2" ind2="8">
    <subfield code="a">Reportajes y reporteros</subfield>
    <subfield code="z">-Per&#xFA;.</subfield>
    <subfield code="9">48794</subfield>
  </datafield>
  <datafield tag="650" ind1="2" ind2="8">
    <subfield code="a">Expediciones arqueol&#xF3;gicas</subfield>
    <subfield code="z">-Per&#xFA;.</subfield>
    <subfield code="9">48795</subfield>
  </datafield>
  <datafield tag="651" ind1=" " ind2="8">
    <subfield code="a">Per&#xFA;</subfield>
    <subfield code="x">-Historia</subfield>
    <subfield code="y">-&#xC9;poca Prehisp&#xE1;nica</subfield>
    <subfield code="y">-Incas.</subfield>
    <subfield code="9">48796</subfield>
  </datafield>
  <datafield tag="700" ind1="1" ind2=" ">
    <subfield code="a">L&#xF6;wy, Michael,</subfield>
    <subfield code="d">1938-,</subfield>
    <subfield code="e">prologuista.</subfield>
    <subfield code="9">48797</subfield>
  </datafield>
  <datafield tag="856" ind1=" " ind2=" ">
    <subfield code="u">https://assets.ey.com/content/dam/ey-sites/ey-com/es_pe/topics/growth/ey-la-nina-de-500-anios_v2.pdf</subfield>
    <subfield code="z">Leer en digital</subfield>
  </datafield>
  <datafield tag="942" ind1=" " ind2=" ">
    <subfield code="2">ddc</subfield>
    <subfield code="c">LIBROS</subfield>
  </datafield>
  <datafield tag="952" ind1=" " ind2=" ">
    <subfield code="0">0</subfield>
    <subfield code="1">0</subfield>
    <subfield code="2">ddc</subfield>
    <subfield code="4">0</subfield>
    <subfield code="7">0</subfield>
    <subfield code="a">SH</subfield>
    <subfield code="b">SH</subfield>
    <subfield code="c">CART</subfield>
    <subfield code="d">2022-12-12</subfield>
    <subfield code="e">Donaci&#xF3;n</subfield>
    <subfield code="g">40.00</subfield>
    <subfield code="o">985.019/Z47N</subfield>
    <subfield code="p">SH0000016491</subfield>
    <subfield code="r">2022-12-12</subfield>
    <subfield code="w">2022-12-12</subfield>
    <subfield code="y">LIBROS</subfield>
  </datafield>
</record>
